000 00395nss a2200169 a 4500
003 AR-X00000XY
005 20251128212016.0
008 117020s1974 ||||||||||||||000 | spa||
040 _cAR-X00000XY
245 1 0 _aLa nouvelle revue française
260 _aParis
_c1974
300 0 _a128 p.
655 _aLITERATURA
700 1 _aArland, Marcel
_edirector
942 _cCR
998 _cmartin
999 _c22048
_d22048